Statistics for Music Trivia: Classical Composer Geography II

Click here to take the quiz!

General Stats

  • This quiz has been taken 748 times
    (665 since last reset)
  • The average score is 9 of 15

Answer Stats

composers' namescities associated with the composers% Correct
W. A. MozartSalzburg, Vienna
99%
TchaikovskySaint Petersburg, Moscow, Odessa, Kiev
88%
ChopinWarsaw, Paris
87%
BeethovenBonn, Vienna
74%
Domenico ScarlattiNaples, Rome, Lisbon, Seville, Madrid
72%
PucciniLucca, Milan
66%
HandelHalle, Hamburg, London
63%
BerliozGrenoble, Paris, Rome
62%
J.S. BachLeipzig, Weimar, Eisenach, Kothen
53%
Richard WagnerLeipzig, Dresden, Venice, Paris, Zurich, Bayreuth
48%
SmetanaPrague, Gothenburg
46%
De FallaCadiz, Madrid, Granada, Paris, Buenos Aires
45%
Charles IvesNew Haven, Danbury, New York City
45%
GriegBergen
34%
PiazzollaMar del Plata, Buenos Aires, New York
33%

Score Distribution

Percentile by Number Answered

Percent of People with Each Score

Your Score History

You have not taken this quiz since the last reset